| 000 | 004260000a22001570004500 | ||
|---|---|---|---|
| 003 | LK-CoMWRAF | ||
| 008 | 230817t ||||| |||| 00| 0 eng d | ||
| 040 |
_aLK-CoMWRAF _dLK-CoMWRAF _eLK-CoMWRAF |
||
| 041 | _aeng | ||
| 082 |
_a792 _bSAM |
||
| 100 | _aSameem, A.M. | ||
| 245 |
_aMuslims of Sri Lanka _bThe Problems of a Minority Community |
||
| 260 |
_bA.M.Sameem _aSri Lanka (Colombo 06) _c1997 |
||
| 300 | _ap.80 | ||
| 942 | _cBK | ||
| 999 |
_c1601 _d1601 |
||